| 000 | 00410nam a2200157Ia 4500 | ||
|---|---|---|---|
| 008 | 241127s9999||||xx |||||||||||||| ||und|| | ||
| 020 |
_a9780763723392 _c00 |
||
| 040 |
_beng _cSSK Library _erda |
||
| 082 | _a005.133/GIT | ||
| 100 | _a Art Gittleman | ||
| 245 | 0 | _aComputing C# And The.Net Framework | |
| 260 |
_b Jones And Bartlett _c©2003 |
||
| 942 |
_22ddc _cBOOK _nNo |
||
| 999 |
_c10670 _d10670 |
||
| 003 | OSt | ||
| 005 | 20241127152834.0 | ||